| 000 | 01206cam a22003374a 4500 | ||
|---|---|---|---|
| 999 |
_c328855 _d328855 |
||
| 001 | 12139111 | ||
| 003 | Nust | ||
| 005 | 20180416043122.0 | ||
| 008 | 000811s2000 vau 001 0 eng | ||
| 010 | _a 00010841 | ||
| 020 | _a9757388327 (pbk.) | ||
| 040 |
_aDLC _cDLC _dDLC |
||
| 041 | 1 |
_aeng _bara |
|
| 042 | _apcc | ||
| 050 | 0 | 0 |
_aBP165.5 _b.G8513 2000 |
| 082 | 0 | 0 |
_a297.2 _bFAT |
| 100 | 1 |
_aGülen, Fethullah. _96529 |
|
| 245 | 1 | 0 |
_aIslam kay bunyadi arkan / _cM. Fethullah Gulen. |
| 260 |
_aLahore : _bJahangir book depot _c2000. |
||
| 300 |
_avii, 308 p. ; _c23 cm. |
||
| 500 | _aIncludes index. | ||
| 650 | 0 |
_aIslam _xDoctrines. _91634 |
|
| 650 | 0 |
_aIslam _xEssence, genius, nature. _96196 |
|
| 650 | 0 |
_aIslam _xAppreciation. _910218 |
|
| 880 |
_6100-01\r _aمحمد فتح اللہ گولن |
||
| 880 |
_6245-02\r _aاسلام کے بنیادی ارکان _cمحمد فتح اللہ گولن |
||
| 880 |
_6260-03\r _aلاہور: _bجہانگیر بک ڈپو، _c2000 |
||
| 906 |
_a7 _bcbc _corignew _d1 _eecip _f20 _gy-gencatlg |
||
| 942 |
_2ddc _cBK |
||